000 00795nam a2200253 a 4500
001 2563515
005 20250604121854.0
008 960214s1996 txuab b 001 0 eng
020 _a0030128889
050 0 0 _aHF1379
_b.C94 1996
082 0 0 _a658/.049
_220
100 1 _aCzinkota, Michael R.
245 1 0 _aInternational business /
_cMichael R. Czinkota, Ilkka A. Ronkainen, Michael H. Moffett.
250 _a4th ed.
260 _aFort Worth :
_bDryden Press,
_cc1996.
300 _axxx, 866 p. :
_bill. (some col.), col. maps ;
_c26 cm.
650 0 _aInternational trade.
650 0 _aInternational finance.
650 0 _aInvestments, Foreign.
650 0 _aInternational business enterprises.
700 1 _aRonkainen, Ilkka A.
700 1 _aMoffett, Michael H.
942 _2lcc
_cBK
_n0
999 _c6252
_d6252